000 00950nam a2200217 a 4500
008 120416s1977 ||||||||||||||||| || u
020 _a0070081654
050 _aLB 1043 Bro
100 _aLewis, Richard Byrd
245 1 0 _aAV instruction
246 _atechnology, media, and methods
250 _a5th ed.
260 _aNew York
_bMcGraw-Hill
_c1977
300 _axii, 498p. : ill
350 _a0.00
650 _aTEXTBOOKS
650 0 _aEDUCATIONAL TESTS AND MEASUREMENTS
995 _aANNEX COLLECTION (Main Library)
_D0.00
_e713219
_FCBU-MAIN LIBRARY (Kitwe)
_H1
_I12.75
_jLB 1043 Bro
_UAVAILABLE
_y009670
_ZAnnex Low-Usage Collection
995 _aBINDERY (DAMAGED)
_D0.00
_e666222
_FCBU-MAIN LIBRARY (Kitwe)
_H1
_I0.00
_jREF LB 1043 BRO
_M3
_UDAMAGED
_WSep 28, 2007
_y55666
_ZReference Collection
995 _aANNEX COLLECTION (Main Library)
_D0.00
_e717475
_FCBU-MAIN LIBRARY (Kitwe)
_H2
_I12.75
_jLB 1043 Bro
_UAVAILABLE
_y009671
_ZAnnex Low-Usage Collection
999 _c84483
_d84483